000 00524cam a2200193ua 4500
001 2988
008 110921n ii |||gr||||Z||||||asm
040 _cMAIN
082 _a920
100 1 _aMahanta, Pranjal kumar,
_eEditor.
245 1 1 _aPraanor palax
_ced. by Pranjal kumar Mahanta
250 _a1st.
260 _aGuahati:
_bBhabani print & publication,
_c2010.
300 _a300p:
_c23cm.
653 _aBiography
653 _aBiography of Praanor palax
700 1 _aSaikia, Mayurakhhi Mahanta,
_eEditor.
942 _cBK
999 _c2836
_d2836